mysqli: Table './ulib62015/stat_globaluid' is marked as crashed and should be repaired
select id from stat_globaluid where statuid='20260517205400_554'
mysqli: Table './ulib62015/stat_globaluid' is marked as crashed and should be repaired
DELETE FROM stat_globaluid
WHERE id NOT IN (
SELECT id
FROM (
SELECT id
FROM stat_globaluid
ORDER BY id DESC
LIMIT 100
) foo
);
mysqli: Table './ulib62015/stat_globaluid' is marked as crashed and should be repaired
insert into stat_globaluid set
statuid='20260517205400_554',
dt='1779026040',
phpself='/ULIB62015/dublinfull.php',
agent='Mozilla/5.0 AppleWebKit/537.36 (KHTML, like Gecko; compatible; ClaudeBot/1.0; +claudebot@anthropic.com)',
yea='2026',
mon='5',
dat='17',
ip='216.73.216.45'
mysqli: Table './ulib62015/stathist_viewbib_bib_type' is marked as crashed and should be repaired
insert into stathist_viewbib_bib_type set
dat='17' ,
mon='05' ,
yea='2026' ,
statuid='20260517205400_554' ,
head='13399107818' ,
foot='marc' ,
dt='1779026040'
| LEADER : 00000nam 2200000uu 4500 |
| 008 101221s||||||||th 000 0 tha d |
| 020 0-87189-121-2
|
| 050 14 RA971.8^bH236
|
| 245 14 The handbook of hospital admitting management /^cedited byKevin D. Blanchet, Mary margaret Switlik
|
| 260 Rockville, Md. :^bAspen Pub.,^c1985
|
| 300 xii, 380, [6] p. :^bcharts ;^c23 cm.
|
| 504 Includes index
|
| 650 0 HOSPITALS^xADMISSION AND DISCHARGE
|
| 650 0 HOSPITALS^xADMINISTRATION
|
| 650 0 HEALTH FACILITIES^xADMINISTRATION
|
| 700 1 Blanchet, Kevin D.,^eed.
|
| 700 1 Switlik, Mary Margaret,^eed.
|
| 945 ^p0^l0^i014236
|
| 945 ^p0^l0^i014253 |
| 999 ^aบรรณารักษ์
|
| คุณยังไม่ได้ล็อกอิน คุณสามารถมีกิจกรรมร่วมกับเว็บไซต์ได้ แต่ต้องล็อกอินก่อน :: |
|
|
|
| ลำดับที่ |
ประเภท |
เลขเรียก/บาร์โค้ด |
สถานที่ |
สถานะ |
| 1. |
 หนังสือ | RA971.8 H236 c.1 Barcode: 014236 | หนังสือทั่วไป | บนชั้น ขอยืม |
| 2. |
 หนังสือ | RA971.8 H236 c.2 Barcode: 014253 | หนังสือทั่วไป | บนชั้น ขอยืม |
|
ยังไม่เคยถูกคอมเมนท์
|
| คอมเมนท์ทรัพยากรรายการนี้ |
|